00544nam a2200193 a 4500001001300000003000900013005001700022008004100039020000800080082001700088100001700105245004200122260004100164300000900205500003500214505006100249650002300310700001700333nice12345678IN_TiNIC20260116011444.0050524s1962 cama grp 000 0 eng  ac000a016.297bPEA aPearson, J D aIndex Islamicus Supplement, 1956-1960 aCambridgebW, Heffer & Son Ltdc1962 a316p aincludes index and biblioraphy2 aBibliographical Notes, Selected Bibliography, Index, Map aBibliography-Islam1 aPearson, J D